Formula One World Drivers Champions - Statistiken

Allgemein
  • Dieses Quiz wurde 76 mal gespielt
    67 seit der letzten Aktualisierung
  • Das Durchschnittsergebnis liegt bei 25 aus 76
Antwortstatistiken
Antwort % Korrekt
2025 Lando Norris
100%
2024 Max Verstappen
96%
2020 Lewis Hamilton
90%
2023 Max Verstappen
90%
2022 Max Verstappen
90%
2021 Max Verstappen
90%
2019 Lewis Hamilton
88%
2018 Lewis Hamilton
88%
2017 Lewis Hamilton
86%
2015 Lewis Hamilton
84%
2014 Lewis Hamilton
84%
2013 Sebastian Vettel
82%
2012 Sebastian Vettel
82%
2011 Sebastian Vettel
82%
2010 Sebastian Vettel
80%
2016 Nico Rosberg
78%
2008 Lewis Hamilton
70%
2006 Fernando Alonso
66%
2009 Jenson Button
66%
2005 Fernando Alonso
64%
2007 Kimi Räikkönen
64%
2004 Michael Schumacher
64%
2003 Michael Schumacher
64%
2002 Michael Schumacher
64%
2001 Michael Schumacher
64%
2000 Michael Schumacher
64%
1999 Mika Häkkinen
52%
1998 Mika Häkkinen
50%
1995 Michael Schumacher
38%
1994 Michael Schumacher
38%
1996 Damon Hill
26%
1993 Alain Prost
22%
1988 Ayrton Senna
22%
1997 Jacques Villeneuve
22%
1991 Ayrton Senna
20%
1990 Ayrton Senna
20%
1989 Alain Prost
18%
1992 Nigel Mansell
14%
1982 Keke Rosberg
12%
1984 Niki Lauda
12%
1977 Niki Lauda
12%
1986 Alain Prost
10%
1985 Alain Prost
10%
1951 Juan Manuel Fangio
10%
1987 Nelson Piquet
10%
1983 Nelson Piquet
10%
1975 Niki Lauda
10%
1981 Nelson Piquet
8%
1976 James Hunt
6%
1956 Juan Manuel Fangio
6%
1955 Juan Manuel Fangio
6%
1954 Juan Manuel Fangio
6%
1978 Mario Andretti
6%
1980 Alan Jones
4%
1950 Giuseppe Farina
4%
1979 Jody Scheckter
4%
1957 Juan Manuel Fangio
4%
1953 Alberto Ascari
2%
1952 Alberto Ascari
2%
1967 Denny Hulme
0%
1974 Emerson Fittipaldi
0%
1972 Emerson Fittipaldi
0%
1968 Graham Hill
0%
1962 Graham Hill
0%
1966 Jack Brabham
0%
1960 Jack Brabham
0%
1959 Jack Brabham
0%
1973 Jackie Stewart
0%
1971 Jackie Stewart
0%
1969 Jackie Stewart
0%
1965 Jim Clark
0%
1963 Jim Clark
0%
1970 Jochen Rindt
0%
1964 John Surtees
0%
1958 Mike Hawthorn
0%
1961 Phil Hill
0%
Keine übereinstimmenden Quizze gefunden
Verteilung der Resultate
Anzahl Personen mit jedem Resultat
Perzentil nach korrekt beantworteten Fragen
Ihre Resultats-Entwicklung
Sie haben dieses Quiz seit der letzten Aktualisierung nicht gespielt